Obchody 35-lecia Zespołu "Śląsk" w Koszęcinie

Titel: Obchody 35-lecia Zespołu "Śląsk" w Koszęcinie
Verfasser:
In: Szkice lublinieckie, Band 3 (1992), Seite 162
alle Artikel anzeigen
Veröffentlicht: 1992
Format: Aufsatz
Sprache: Polnisch
Kein Bild verfügbar
X
alg: 39454137
001A    $01999:12-11-16 
001B    $01999:01-06-17 $t17:52:27.000 
001D    $01999:12-11-16 
001U    $0utf8 
001X    $00 
002@    $0Aox 
003@    $0394541375 
007A    $0394541375 $aHEB 
007T    $0Herdww000735 
010@    $apol 
011@    $a1992 
021A    $aObchody 35-lecia Zespołu "Śląsk" w Koszęcinie 
028A    $aMyrcik $dJan 
031A    $d3 $h162 $j1992 
039B    $aIn $8--Abvc--. Szkice lublinieckie. - Lubliniec, 1986-. - ISSN 0860-3685 $x199200000030000838 $9182896552 

lok: 39454137 78

exp: 39454137 78 1 #EPN
201B/01 $018-11-16 $t11:56:11.000 
201U/01 $0utf8 
203@/01 $0790651807 
208@/01 $a12-11-16 $be 
209A/01 $a/ $f000 $x00 
220C/01 $aTitelaufnehmer: EW 
220C/01 $aHerkunft: IH UWr 
244Z/01 $2Trx $#Silesia $#Śląsk $#Sliezsko $#Slezsko $8--Trx--Schlesien $x01 $9391173987 
244Z/01 $2Trx $#Poola $#Lenkija $#Polija $#Polen Land $#Poland $#Lengyelország $#Poľsko $#Polsko $8--Trx--Polska$gkraj $x02 $9391345966 
244Z/01 $2Trx $#Koschentin Lubliniec $8--Trx--Koszęcin$gLubliniec $x03 $9391193759 
244Z/01 $aGeschichte 1953-1988 $x04 
244Z/01 $2Trx $#folkloorigrupid $#etnografiniai amsambliai $#Folkloric groups $#folklórcsoportok $#zespoły pieśni i tańca $#súbory folklórne $#soubory písní a tanců $8--Trx--Folkloregruppen $x05 $9391355848 
244Z/01 $2Trx $8--Trx--Zeitschriftenaufsatz $x06 $9391384341 
247C/01 $82080>Marburg/Lahn, Herder-Institut, Forschungsbibliothek, Bibliographieportal $9336309341
LEADER 00000caa a22000002c 4500
001 394541375
003 DE-603
005 20170601175227.0
007 tu
008 161112s1992 xx |||| | u00||u|pol c
035 |a (DE-599)HEB394541375 
040 |a DE-603  |b ger  |c DE-603  |d DE-603 
041 |a pol 
100 1 |a Myrcik, Jan 
245 0 0 |a Obchody 35-lecia Zespołu "Śląsk" w Koszęcinie 
264 0 |c 1992 
773 0 8 |i In  |t Szkice lublinieckie  |d Lubliniec, 1986-  |x 0860-3685  |g Band 3 (1992), Seite 162  |w (DE-603)182896552  |w (DE-600)2259923-X 
924 0 |9 2080  |a (DE-603)790651807  |b DE-2080  |c HES  |d d  |g /